00809cam a2200229 i 45000010011000000030004000110050017000150080041000320200030000730400033001030500013001361000024001492450112001732600045002853000047003303360026003773370028004033380027004315040051004586500039005097000031005481091643687OSt20250417095755.0190321t20192019enka b 001 0 eng d a9781526441263 (paperback) aUKMGBbengerdacUKMGBdNUST 4aBF39 WAT1 aWatt, RogereAuthor10aStatistics for psychology :ba guide for beginners (and everyone else) /cRoger Watt and Elizabeth Collins. aLondon :bSAGE Publications Ltd, c2019. axxvi, 322 pages :bIllustrations ;c24 cm. atextbtxt2rdacontent aunmediatedbn2rdamedia avolumebnc2rdacarrier aIncludes bibliographical references and index. 0vPsychology -- Statistical methods.1 aCollins, ElizabetheAuthor